1784 1929 1880 1274 1916 1137 1102 1722 1935 1340 1754 1045 1524 1181 1095 1509 1773 1690 1986 1282 1964 2000 1023 1882 1131 1955 1075 1710 1256 1133 1018 1231 1079 1443 1884 1967 1144 1913 1688 1126 1015 1705 1081 1690 1305 1689 1464 1113 1840 1609 1281 1571 1541 1593 1278 1047 1801 1384 1166 1219 1896 1794 1828 1905 1464 1391 1089 1171 1446 1860 1484 1018 1659 1166 1476 1296 1293 1733 1998 1788 1151 1207 1140 1871 1143 1311 1637 1913 1732 1120 1464 1580 1507 1878 1951 1967 1844 1341 1553 BCNSPRNW ULIB Ver.6.0+V

เปลี่ยนเป็นภาษาไทย

Change to English
 แสดงรายละเอียดบรรณานุกรม
  กลับหน้าหลัก

Brief Record : Get Marc (ISO 2709) : E-mail record : QR code < ปิดหน้าต่าง
LEADER : 00000nam 2200000uu 4500
001    13399120741
003     ULIB
008    121005s2550||||th 000 0 tha d
020    ^a9749396014
020    ^a9789749396018
050  4 ^aBQ4302^bบ747ก ล.4 2550
100 0  ^aบูรพา ผดุงไทย
245 10 ^aเกิดแต่กรรม 4 กับแม่ชีทศพร^cบูรพา ผดุงไทย
250    ^aพิมพ์ครั้งที่ 11
260    ^aกรุงเทพฯ :^bบีพลัส,^c2550
300    ^a159 หน้า^bภาพประกอบสีบางภาพ
650  7 ^aกรรม
945    ^p160^l0^i14920
995    ^aวิภา
999 ^a ใช้งานได้ทุกระบบ
รายการนี้ยังไม่มีแท็ก
คุณยังไม่ได้ล็อกอิน คุณสามารถมีกิจกรรมร่วมกับเว็บไซต์ได้ แต่ต้องล็อกอินก่อน ::
  ล็อกอิน

รายการสื่อสารสนเทศ

ลำดับที่ ประเภท เลขเรียก/บาร์โค้ด สถานที่ สถานะ
1. วิทยาศาสตร์การแพทย์ และสุขภาพ
วิทยาศาสตร์การแพทย์ และสุขภาพ
BQ4302 บ747ก ล.4 2550  
  Barcode: 14920
ห้องสมุดวิทยาเขตสวรรค์ประชารักษ์
►หนังสือทั่วไป
บนชั้น

รายการใกล้เคียง
    ผู้แต่ง [บูรพา ผดุงไทย]

    หัวเรื่อง [กรรม]

BibComment


ยังไม่เคยถูกคอมเมนท์

คอมเมนท์ทรัพยากรรายการนี้
  คอมเมนท์: เกิดแต่กรรม 4 กั..


 Copyright 2026. Bcnsprnw @Library